| 000 -LEADER |
| fixed length control field |
01225cam a2200253 i 4500 |
| 001 - CONTROL NUMBER |
| control field |
18257593 |
| 005 - DATE AND TIME OF LATEST TRANSACTION |
| control field |
20221107121639.0 |
| 008 - FIXED-LENGTH DATA ELEMENTS--GENERAL INFORMATION |
| fixed length control field |
140807s2014 ne a b 001 0 eng |
| 010 ## - LIBRARY OF CONGRESS CONTROL NUMBER |
| LC control number |
2014427175 |
| 020 ## - INTERNATIONAL STANDARD BOOK NUMBER |
| International Standard Book Number |
9780124157668 (hbk) X |
| 020 ## - INTERNATIONAL STANDARD BOOK NUMBER |
| International Standard Book Number |
0124157661 (hbk) X |
| 080 ## - UNIVERSAL DECIMAL CLASSIFICATION NUMBER |
| Universal Decimal Classification number |
314.4 T-91 |
| 100 1# - MAIN ENTRY--PERSONAL NAME |
| Personal name |
Tulchinsky, Theodore H., |
| Relator term |
author. |
| 9 (RLIN) |
9584 |
| 245 14 - TITLE STATEMENT |
| Title |
The new public health / |
| Statement of responsibility, etc. |
Theodore H. Tulchinsky, MD, MPH, Braun School of Public Health, Hebrew University-Hadassah, Ein Karem, Jerusalem, Israel and Elena A. Varavikova, MD, MPH, PhD, Research Institute for Public Health Organization and Information (CNIIOIZ), Moscow, Russian Federation with Joan D. Bickford, MSN, Former Chief Public Health Nurse, Province of Manitoba, Canada ; foreword by Jonathan Fielding, MD, MPH, University of Los Angeles (UCLA), California. |
| 250 ## - EDITION STATEMENT |
| Edition statement |
Third edition. |
| 264 #4 - PRODUCTION, PUBLICATION, DISTRIBUTION, MANUFACTURE, AND COPYRIGHT NOTICE |
| Date of production, publication, distribution, manufacture, or copyright notice |
Amsterdam : |
| Place of production, publication, distribution, manufacture |
Elsevier, |
| Name of producer, publisher, distributor, manufacturer |
2014. |
| 300 ## - PHYSICAL DESCRIPTION |
| Extent |
884 pages : |
| Other physical details |
illustrations ; |
| Dimensions |
28 cm. |
| 650 #0 - SUBJECT ADDED ENTRY--TOPICAL TERM |
| Topical term or geographic name entry element |
Medical policy. |
| 9 (RLIN) |
9586 |
| 653 ## - INDEX TERM--UNCONTROLLED |
| keyword |
მედიცინა |
| 653 ## - INDEX TERM--UNCONTROLLED |
| keyword |
ჯანდაცვა |
| 700 1# - ADDED ENTRY--PERSONAL NAME |
| Personal name |
Varavikova, Elena, |
| Relator term |
ავტორი |
| 9 (RLIN) |
9587 |
| 700 1# - ADDED ENTRY--PERSONAL NAME |
| Personal name |
Bickford, Joan D., |
| Relator term |
ავტორი |
| 9 (RLIN) |
9588 |
| 942 ## - ADDED ENTRY ELEMENTS (KOHA) |
| Source of classification or shelving scheme |
|
| Koha item type |
წიგნი |